Odina jadu (Record no. 120740)

MARC details
000 -LEADER
fixed length control field 02893nam a2200217Ia 4500
003 - CONTROL NUMBER IDENTIFIER
control field OSt
005 - DATE AND TIME OF LATEST TRANSACTION
control field 20251111112100.0
008 - FIXED-LENGTH DATA ELEMENTS--GENERAL INFORMATION
fixed length control field 210210b2016 xxu||||| |||| 00| 0 eng d
040 ## - CATALOGING SOURCE
Transcribing agency AL
041 ## - LANGUAGE CODE
Language code of text/sound track or separate title Kannada
082 ## - DEWEY DECIMAL CLASSIFICATION NUMBER
Classification number K894.9 RANO
100 ## - MAIN ENTRY--PERSONAL NAME
Personal name RANGANATHA KANTANAKUNTE
Dates associated with a name ರಂಗನಾಥ ಕಂಟನಕುಂಟೆ
9 (RLIN) 244990
245 ## - TITLE STATEMENT
Title Odina jadu
Remainder of title ಓದಿನ ಜಾಡು
260 ## - PUBLICATION, DISTRIBUTION, ETC.
Place of publication, distribution, etc. Gadaga
Name of publisher, distributor, etc. Ladayi Prakashana
Date of publication, distribution, etc. 2016
300 ## - PHYSICAL DESCRIPTION
Extent 252
520 ## - SUMMARY, ETC.
Summary, etc. ಸಾಹಿತ್ಯ, ಸಂಸ್ಕೃತಿ ಕುರಿತು ನಡೆಸುವ ಶೋಧದ ಕಾರಣಕ್ಕೆ ರಂಗನಾಥ ಕಂಟನಕುಂಟೆ ಅವರ ’ಓದಿನ ಜಾಡು’ ಮುಖ್ಯವಾಗಿ ತೋರುತ್ತದೆ. ಒಟ್ಟು ೨೦ ಲೇಖನಗಳನ್ನು ಹೊಂದಿರುವ ಕೃತಿ ಹಲವು ಒಳನೋಟಗಳ ಮೂಲಕ ಸೆಳೆಯುತ್ತದೆ. ಹೊಸ ತಲೆಮಾರಿನ ವಿಮರ್ಶೆ ನವೀನ ಶೈಲಿಯಲ್ಲಿ ತಲೆ ಎತ್ತಿನಿಂತಂತೆ ಭಾಸವಾಗುತ್ತದೆ. <br/><br/>ಸಾಹಿತ್ಯ ಸೃಷ್ಟಿಯ ಸಾಂಸ್ಕೃತಿಕ ನೆಲೆಗಳು, ಸಂಸ್ಕೃತಿ ವಿಮರ್ಶೆಯಾಗಿ ಸಾಹಿತ್ಯದ ಓದು, ಸಾಂಸ್ಕೃತಿಕ ಓದಿನ ಪರಿಕಲ್ಪನೆಗಳ ತಾತ್ವಿಕ ತೊಡಕು, ಪರಿಕಲ್ಪನೆಗಳ ಅನುವಾದ ಮತ್ತು ವೈಚಾರಿಕತೆಯ ಗೊಂದಲ, ಮಂಟೇಸ್ವಾಮಿ ಪರಂಪರೆಯ ಮುಖಾಮುಖಿಯ ಸವಾಲು, ಜನಪದ ಸಾಹಿತ್ಯದ ಜನಪರತೆಯ ಕುರಿತ ಅನುಮಾನಗಳು, ಕನ್ನಡ ರಾಷ್ಟ್ರೀಯತೆ ಚಿಂತನೆಯ ಹೆಜ್ಜೆಗುರುತುಗಳು, ಕಿ.ರಂ ಕಣ್ಣಲ್ಲಿ ಸಾಹಿತ್ಯದ ಓದು, ಲಂಕೇಶ್-ಚೈತನ್ಯದ ನೆಲೆಗಳ ಶೋಧಕ ರೀತಿಯ ಲೇಖನಗಳ ಮೂಲಕ ಕೃತಿ ಸಾಹಿತ್ಯಾಸಕ್ತರನ್ನು ಸೆಳೆಯುತ್ತದೆ. ವರ್ತಮಾನವನ್ನು ಕಾಡುತ್ತಿರುವ ಹಲವು ವಿಚಾರಗಳು ಮತ್ತು ಸಾಹಿತ್ಯಿಕ ಸಾಂಸ್ಕೃತಿಕ ತೊಡಕುಗಳ ಹಿನ್ನೆಲೆಯಲ್ಲಿ ಇಲ್ಲಿನ ಬರಹಗಳು ರೂಪು ತಳೆದಿವೆ. ಕನ್ನಡ ಕಥನಗಳಲ್ಲಿ ಭಾಷೆಯ ಬಳಕೆ ಮತ್ತು ಕನಕನ ಬಗೆಗೆ ಬರೆದ ಲೇಖನಗಳು ರಂಗನಾಥರ ವಿಮರ್ಶಾ ಸಾಮರ್ಥ್ಯವನ್ನು ಎತ್ತಿ ಹಿಡಿಯುವಂತಿವೆ.
650 ## - SUBJECT ADDED ENTRY--TOPICAL TERM
Topical term or geographic name entry element sahithya samskratiya barehagalu
9 (RLIN) 244991
690 ## - LOCAL SUBJECT ADDED ENTRY--TOPICAL TERM (OCLC, RLIN)
Topical term or geographic name as entry element Kannada Criticism
9 (RLIN) 244992
906 ## - LOCAL DATA ELEMENT F, LDF (RLIN)
a 071274
942 ## - ADDED ENTRY ELEMENTS (KOHA)
Source of classification or shelving scheme Dewey Decimal Classification
Koha item type Book
Holdings
Withdrawn status Lost status Source of classification or shelving scheme Damaged status Not for loan Collection code Home library Current library Shelving location Date acquired Source of acquisition Cost, normal purchase price Total Checkouts Full call number Barcode Date last seen Price effective from Koha item type
    Dewey Decimal Classification     Kannada St Aloysius Library St Aloysius Library   02/17/2021 Navakarnataka Publication Pvt Ltd Mangalore 160.00   K894.9 RANO 071274 02/17/2021 02/17/2021 Book